000 00722cam a2200241 4500500
005 20260329010027.0
041 _afre
042 _adc
100 1 0 _aRey, Olivier
_eauthor
245 0 0 _aLe doute, Vertu scientifique ou alibi du déni ?
260 _c2020.
500 _a90
690 _aDéni
690 _aDoute
690 _aÉglise
690 _aEspoir
690 _aGalilée
690 _aRéchauffement climatique
690 _aReligion
690 _aScience
786 0 _nPhilosophie magazine - Hors séries | Hors-série Été 2020 | HS46 | 2020-07-01 | p. 28-30 | 2104-9246
856 4 1 _uhttps://shs.cairn.info/magazine-philosophie-magazine-2020-hs46-page-28?lang=fr&redirect-ssocas=7080
999 _c1848850
_d1848850